Fundamentals of ultrasonics.
Guardat en:
| Autor principal: | |
|---|---|
| Format: | Llibre |
| Idioma: | anglès |
| Publicat: |
London, England, United Kingdom
Butterworths
1967
|
| Edició: | Segunda edición |
| Matèries: | |
| Etiquetes: |
Afegir etiqueta
Sense etiquetes, Sigues el primer a etiquetar aquest registre!
|
MARC
| LEADER | 00000nam a2200000 a 4500 | ||
|---|---|---|---|
| 001 | UCT5530 | ||
| 003 | CL-VaPUC | ||
| 005 | 20250115112933.0 | ||
| 008 | 961212e19670000UK |||||||||||||||||eng|d | ||
| 999 | |c 254444 |d 254442 | ||
| 040 | |c Pontificia Universidad Católica de Valparaíso | ||
| 082 | 0 | 4 | |a 534.55 BLI 1967 |2 21 |
| 100 | 0 | |a Blitz, Jack |9 375062 | |
| 245 | 1 | 0 | |a Fundamentals of ultrasonics. |
| 250 | |a Segunda edición | ||
| 260 | 0 | 3 | |a London, England, United Kingdom |b Butterworths |c 1967 |
| 300 | |a 220 páginas | ||
| 583 | |a last modification |c 19961212 00:00:00 |k Rodrigo Vera | ||
| 650 | 7 | |a ULTRASONIDOS |2 CL-VaPUC |9 361769 | |
| 650 | 0 | |a Física |9 227844 | |
| 650 | 0 | |a Ondas sonoras |9 322250 | |
| 650 | 0 | |a Acústica |9 265389 | |
| 650 | 0 | |a Propagación de ondas |9 263256 | |
| 942 | |c BK |2 ddc | ||
| 945 | |d 19961212 00:00:00 |a paguirre | ||
| 952 | |0 0 |1 0 |2 ddc |4 0 |6 534_550000000000000_BLI_1967 |7 0 |8 A |9 276114 |a BIBCUR |b BIBCUR |d 2019-11-19 |i 1797824 |o 534.55 BLI 1967 |p 1797824 |r 2025-04-22 |t 1 |w 2019-11-19 |y BK |k FIS | ||